| 000 | 00461pab a2200157 454500 | ||
|---|---|---|---|
| 008 | 180718b2008 xxu||||| |||| 00| 0 eng d | ||
| 100 | _aMwinga, Doris Katai | ||
| 245 | _aThe role of Parliament in the process of constitutional review in Zambia, 2003 to date | ||
| 260 | _c2008 | ||
| 300 | _ap.33-50. | ||
| 650 | _aZambia - Constitution | ||
| 650 | _aConstitutions | ||
| 773 | _aConstitutional and Parliamentary Information | ||
| 908 | _aN | ||
| 909 | _a87492 | ||
| 999 |
_c87492 _d87492 |
||